LEADER 03444nam 22007212 450 001 9910455076103321 005 20151005020621.0 010 $a1-107-11754-2 010 $a0-521-04979-2 010 $a1-280-42070-7 010 $a0-511-03308-7 010 $a0-511-17214-1 010 $a0-511-15019-9 010 $a0-511-31005-6 010 $a0-511-58326-5 010 $a0-511-04831-9 035 $a(CKB)111004366731766 035 $a(EBL)143146 035 $a(OCoLC)437250280 035 $a(SSID)ssj0000113560 035 $a(PQKBManifestationID)11131434 035 $a(PQKBTitleCode)TC0000113560 035 $a(PQKBWorkID)10101998 035 $a(PQKB)10966915 035 $a(UkCbUP)CR9780511583261 035 $a(MiAaPQ)EBC143146 035 $a(Au-PeEL)EBL143146 035 $a(CaPaEBR)ebr5007884 035 $a(CaONFJC)MIL42070 035 $a(EXLCZ)99111004366731766 100 $a20090611d1999|||| uy| 0 101 0 $aeng 135 $aur||||||||||| 181 $ctxt$2rdacontent 182 $cc$2rdamedia 183 $acr$2rdacarrier 200 14$aThe body in mind $eunderstanding cognitive processes /$fMark Rowlands$b[electronic resource] 210 1$aCambridge :$cCambridge University Press,$d1999. 215 $a1 online resource (x, 270 pages) $cdigital, PDF file(s) 225 1 $aCambridge studies in philosophy 300 $aTitle from publisher's bibliographic system (viewed on 05 Oct 2015). 311 $a0-511-00543-1 311 $a0-521-65274-X 320 $aIncludes bibliographical references (p. 258-266) and index. 327 $aPreliminaries; Contents; Preface; 1 Introduction: 'A picture held us captive'; 2 Introduction to Part I: 'Don't work hard,work smart'; 3 Environmentalism and what it is not; 4 Environmentalism and evolution; 5 Perception; 6 Memory; 7 Thought; 8 Language; 9 Introduction to Part II: the need for and the place of a theory of representation; 10 Two theories of representation; 11 Environmentalism and teleological semantics; References; Index 330 $aIn this book, Mark Rowlands challenges the Cartesian view of the mind as a self-contained monadic entity, and offers in its place a radical externalist or environmentalist model of cognitive processes. Cognition is not something done exclusively in the head, but fundamentally something done in the world. Drawing on both evolutionary theory and a detailed examination of the processes involved in perception, memory, thought and language use, Rowlands argues that cognition is, in part, a process whereby creatures manipulate and exploit relevant objects in their environment. It is not simply an internal process of information processing; equally significantly, it is an external process of information processing. This innovative book provides a foundation for an unorthodox but increasingly popular view of the nature of cognition. 410 0$aCambridge studies in philosophy. 606 $aPhilosophy of mind 606 $aMind and body 606 $aCognition 606 $aExternalism (Philosophy of mind) 615 0$aPhilosophy of mind. 615 0$aMind and body. 615 0$aCognition. 615 0$aExternalism (Philosophy of mind) 676 $a128/.2 700 $aRowlands$b Mark$0715267 801 0$bUkCbUP 801 1$bUkCbUP 906 $aBOOK 912 $a9910455076103321 996 $aThe body in mind$92257433 997 $aUNINA LEADER 02327nam 2200625 450 001 9910811290403321 005 20230125222101.0 010 $a2-7637-0229-5 010 $a1-4416-0348-4 035 $a(CKB)1000000000750141 035 $a(OCoLC)881552303 035 $a(CaPaEBR)ebrary10873975 035 $a(SSID)ssj0001377564 035 $a(PQKBManifestationID)12525409 035 $a(PQKBTitleCode)TC0001377564 035 $a(PQKBWorkID)11318858 035 $a(PQKB)10559237 035 $a(CEL)447816 035 $a(CaBNVSL)thg00911216 035 $a(MiAaPQ)EBC4797035 035 $a(VaAlCD)20.500.12592/x176fs 035 $a(EXLCZ)991000000000750141 100 $a20170223h20062006 uy 0 101 0 $afre 135 $aurcnu|||||||| 181 $ctxt 182 $cc 183 $acr 200 10$aVoyage au bout du sexe $etrafics et tourismes sexuels en Asie et ailleurs /$fFranck Michel 210 1$aQue?bec, Canada :$cLes Presses de l'Universite? Laval,$d2006. 210 4$dİ2006 215 $a1 online resource (374 p.) 225 1 $aCollection Nord-Sud. 300 $aBibliographic Level Mode of Issuance: Monograph 311 $a2-7637-8464-X 320 $aIncludes bibliographical references. 327 $aLe tourisme international, un nouvel impe?rialisme -- Le sexe, un marche? mondial en pleine expansion -- E?bats et de?bats d'Occidentaux en que^te de sensations et en mal de sensualite? -- Le Sud devant la colonisation touristique et l'expoloitation sexuelle -- Le tourisme sexuel en Asie : un cauchemar en voie de banalisation -- Le tourisme sexuel en Thai?lande : pouvoir, sexe et capitalisme -- Tourismes sexuels au Cambodge et au Vietnam : marchandisation des corps, recolonisation et mal-de?veloppement des peuples. 410 0$aCollection Nord-Sud (Que?bec, Que?bec) 606 $aSex tourism 606 $aSex tourism$zAsia 606 $aProstitution 606 $aSex industry 615 0$aSex tourism. 615 0$aSex tourism 615 0$aProstitution. 615 0$aSex industry. 676 $a306.743 700 $aMichel$b Franck$0879940 801 0$bMiAaPQ 801 1$bMiAaPQ 801 2$bMiAaPQ 906 $aBOOK 912 $a9910811290403321 996 $aVoyage au bout du sexe$93937915 997 $aUNINA LEADER 05521nam 2200661 a 450 001 9910437823103321 005 20200520144314.0 010 $a1-283-74213-6 010 $a94-007-3852-8 024 7 $a10.1007/978-94-007-3852-2 035 $a(CKB)2670000000280522 035 $a(EBL)971837 035 $a(OCoLC)817917018 035 $a(SSID)ssj0000790471 035 $a(PQKBManifestationID)11428975 035 $a(PQKBTitleCode)TC0000790471 035 $a(PQKBWorkID)10745752 035 $a(PQKB)10798384 035 $a(DE-He213)978-94-007-3852-2 035 $a(MiAaPQ)EBC971837 035 $z(PPN)258864923 035 $a(PPN)168336421 035 $a(EXLCZ)992670000000280522 100 $a20120831d2013 uy 0 101 0 $aeng 135 $aur|n|---||||| 181 $ctxt 182 $cc 183 $acr 200 10$aCognitive agent-based computing-I $ea unified framework for modeling complex adaptive systems using agent-based & complex network-based methods /$fMuaz A. Niazi, Amir Hussain 205 $a1st ed. 2013. 210 $aNew York $cSpringer$d2013 215 $a1 online resource (65 p.) 225 0 $aSpringerBriefs in cognitive computation,$x2212-6023 300 $aDescription based upon print version of record. 311 $a94-007-3851-X 320 $aIncludes bibliographical references and index. 327 $aCognitive Agent-basedComputing-I; Acknowledgments; Contents; Acronyms; Abstract; 1 Introduction; 1.1...About the AgentAgent Concept; 1.2...A Framework for Complex Adaptive Systems; 1.3...Modeling CASCAS; 1.4...Motivation; 1.5...Aims and Objectives; 1.6...Overview of the Briefs; References; 2 A Unified Framework; 2.1...Overview of the Proposed Framework; 2.2...Proposed Framework Levels Formulated in Terms of CASCAS Study Objectives; 2.3...Proposed Framework Levels Formulated in Relation to Available Data Types; 2.4...Overview of the Rest of the Parts; 2.4.1 Overview of Case Studies; 2.4.2 Outline of the Briefs 327 $aReferences3 Complex Adaptive Systems; 3.1...Overview; 3.2...Complex Adaptive Systems (CASCAS); 3.2.1 The Seven Basics of CASCAS; 3.2.2 Emergence; 3.3...Examples of CASCAS; 3.3.1 Natural CASCAS Example 1: CAS in Plants; 3.3.2 Natural CASCAS Example 2: CAS in Social Systems; 3.3.3 Artificial CASCAS Example 1: Complex Adaptive Communication Networks; 3.3.4 Artificial CASCAS Example 2: Simulation of Flocking Boids; References; 4 Modeling CASCAS; 4.1...AgentAgent-based Modeling and Agent-based Computing; 4.1.1 AgentAgent-oriented ProgrammingAgentAgent-Oriented Programming 327 $a4.1.2 Multi-agentagent Oriented Programming4.1.3 AgentAgent-based or Massively Multiagent Modeling; 4.1.4 Benefits of AgentAgent-based Thinking; 4.2...A Review of an AgentAgent-based Tool; 4.2.1 NetLogo Simulation: An Overview; 4.2.1.1 Overview of NetLogo for Modeling Complex Interaction ProtocolsOverview of NetLogo for Modeling Complex Interaction Protocols; 4.2.1.2 Capabilities in Handling a Range of Input Values; 4.2.1.3 Range of Statistics and Complex Metrics; 4.3...Verification and Validation of SimulationSimulation Models; 4.3.1 Overview; 4.3.2 Verification and Validation of ABMs 327 $a4.3.3 Related Work on V&V of ABMABM4.4...Overview of Communication Network Simulators; 4.4.1 Simulation of WSNs; 4.4.2 Simulation of P2P Networks; 4.4.3 Simulation of Robotic Swarms; 4.4.4 ABMABM for Complex Communication Networks SimulationSimulation; 4.5...Complex Network Modeling; 4.5.1 Complex Network Methods; 4.5.2 Theoretical Basis; 4.5.3 Centralities and Other Quantitative Measures; 4.5.3.1 Clustering Coefficient; 4.5.3.2 Matching Index; 4.5.4 Centrality Measures; 4.5.4.1 Degree Centrality; 4.5.4.2 Eccentricity Centrality; 4.5.4.3 Closeness Centrality 327 $a4.5.4.4 Shortest Path Betweenness Centrality4.5.5 Software Tools for Complex NetworksComplex Networks; 4.6...Conclusions; References; Index 330 $aComplex Systems are made up of numerous interacting sub-components. Non-linear interactions of these components or agents give rise to emergent behavior observable at the global scale. Agent-based modeling and simulation is a proven paradigm which has previously been used for effective computational modeling of complex systems in various domains. Because of its popular use across different scientific domains, research in agent-based modeling has primarily been vertical in nature. The goal of this book is to provide a single hands-on guide to developing cognitive agent-based models for the exploration of emergence across various types of complex systems. We present practical ideas and examples for researchers and practitioners for the building of agent-based models using a horizontal approach - applications are demonstrated in a number of exciting domains as diverse as wireless sensors networks, peer-to-peer networks, complex social systems, research networks and epidemiological HIV. 410 0$aSpringerBriefs in Cognitive Computation,$x2212-6023 606 $aSocial systems$xMathematical models 606 $aSocial sciences$xMathematical models 615 0$aSocial systems$xMathematical models. 615 0$aSocial sciences$xMathematical models. 676 $a006.3 700 $aNiazi$b Muaz A$01058427 701 $aHussain$b A$g(Amir)$01750483 801 0$bMiAaPQ 801 1$bMiAaPQ 801 2$bMiAaPQ 906 $aBOOK 912 $a9910437823103321 996 $aCognitive agent-based computing-I$94185128 997 $aUNINA